ਪੂਰਾਨ ਨਾਥ ਜੋਗੀ ਅਤੇ ਇਕ ਜੰਗਲੀ ਫੁੱਲ / (Record no. 110753)

MARC details
000 -LEADER
fixed length control field 01088nam a22002537a 4500
005 - DATE AND TIME OF LATEST TRANSACTION
control field 20170123164157.0
010 ## - LIBRARY OF CONGRESS CONTROL NUMBER
LC control number A-978199
020 ## - INTERNATIONAL STANDARD BOOK NUMBER
Terms of availability 100.00
035 ## - SYSTEM CONTROL NUMBER
System control number A-978199
037 ## - SOURCE OF ACQUISITION
Stock number Cen Lib / Ret
040 ## - CATALOGING SOURCE
Original cataloging agency DPL
Language of cataloging PN
082 ## - DEWEY DECIMAL CLASSIFICATION NUMBER
Classification number 851.08
Item number ਅਮਰੀ
100 ## - MAIN ENTRY--PERSONAL NAME
Personal name ਅਮਰੀਕ ਸਿੰਘ ਪੁੰਨੀ
9 (RLIN) 9532
245 ## - TITLE STATEMENT
Title ਪੂਰਾਨ ਨਾਥ ਜੋਗੀ ਅਤੇ ਇਕ ਜੰਗਲੀ ਫੁੱਲ /
Statement of responsibility, etc ਅਮਰੀਕ ਸਿੰਘ ਪੁੰਨੀ
246 ## - VARYING FORM OF TITLE
Title proper/short title Bhagwan Singh rachit kissa jiaunna maurr /
Remainder of title by Bhagwan Singh ; edited by Rupinder Kaur Sandhu
260 ## - PUBLICATION, DISTRIBUTION, ETC. (IMPRINT)
Place of publication, distribution, etc ਦਿੱਲੀ
Name of publisher, distributor, etc ਮਨਪ੍ਰੀਤ ਪ੍ਰਕਾਸ਼ਨ
Date of publication, distribution, etc 1999
270 ## - ADDRESS
Address 16/16 (1st floor) ਗੀਤਾ ਕਾਲੋਨੀ
City ਦਿੱਲੀ
Postal code 110031
300 ## - PHYSICAL DESCRIPTION
Extent 95p.
Dimensions 19cm(Hb)
650 ## - SUBJECT ADDED ENTRY--TOPICAL TERM
Topical term or geographic name as entry element ਪੰਜਾਬੀ ਸਾਹਿਤ-ਕਵਿਤਾਵਾਂ
9 (RLIN) 780
650 ## - SUBJECT ADDED ENTRY--TOPICAL TERM
Topical term or geographic name as entry element ਪੰਜਾਬੀ ਸਾਹਿਤ
9 (RLIN) 134491
650 ## - SUBJECT ADDED ENTRY--TOPICAL TERM
Topical term or geographic name as entry element Punjabi Literature-Poems
9 (RLIN) 782
650 ## - SUBJECT ADDED ENTRY--TOPICAL TERM
Topical term or geographic name as entry element Punjabi Literature
9 (RLIN) 134492
942 ## - ADDED ENTRY ELEMENTS (KOHA)
Source of classification or shelving scheme Dewey Decimal Classification
Koha item type Punjabi Bks
Classification part 851.08
Call number suffix ਅਮਰੀ
Holdings
Withdrawn status Lost status Damaged status Not for loan Home library Current library Date acquired Source of acquisition Cost, normal purchase price Total Checkouts Full call number Barcode Date last seen Copy number Cost, replacement price Price effective from Koha item type
        Central Library Central Library 08/02/2016 Cen Lib/Ret 100.00   851.08 ਅਮਰੀ A-978199 08/02/2016 1 100.00 08/02/2016 Punjabi Bks

© Delhi Public Library
Hit Counter
free hit counter